000 01557cam a2200265 a 4500
001 vtls003112644
003 MY-SjTCS
005 20200226113020.0
008 080516s2007 enka b 000 0 eng
020 _a9780500342442 (hbk.)
039 9 _a200806051635
_bpushpa
_c200805161259
_dshuhada
_y200805161258
_zshuhada
082 0 4 _a726.6094212
_bCAM
100 1 _aCampbell, James W.P.
245 1 0 _aBuilding St Paul's /
_cJames W.P. Campbell.
246 3 _aBuilding Sait Paul's
260 _aLondon :
_bThames & Hudson,
_cc2007.
300 _a176 p. :
_bill. (some col.) ;
_c22 cm.
505 0 _a1. A new dome for London - 2. The astronomer architect - 3. Fire and destruction - 4. Models, designs and warrants - 5. The demolition men - 6. Life in the office of works - 7. The phoenix rising - 8. Financing the works - 9. The wealth of masons - 10. Carpenters and scaffolding - 11. Sourcing the materials - 12. Collapsing vaults and flying buttresses - 13. The race to finish the choir - 14. Roofing the cathedral 15. Designing the dome - 16. Catenary curves and parabolic conoids - 17. The telescope in the tower - 18. Frauds and abuses - 19. The cathedral completed - Epilogue- Further reading - Notes - Photo credits.
600 1 0 _aWren, Christopher,
_cSir,
_d1632-1723
_xCriticism and interpretation
610 2 0 _aSt. Paul's Cathedral (London, England)
_xHistory.
650 0 _aChurch architecture
_zEngland
_zLondon.
651 0 _aLondon (England)
_xBuildings, structures, etc.
_916551
700 1 _aHechinger, Martin.
920 _aBLT(DIP) : 526927
999 _c102524